| 000 | 00744nam a2200241Ia 4500 | ||
|---|---|---|---|
| 003 | OSt | ||
| 005 | 20220923222656.0 | ||
| 006 | a|||||r|||| 00| 0 | ||
| 007 | ta | ||
| 008 | 220922b |||||||| |||| 00| 0 hin d | ||
| 024 | _a206,998 | ||
| 037 | _cTextual | ||
| 040 |
_aARTS _cARTS _bhin |
||
| 041 |
_2hin _ahin |
||
| 082 | _aO152,6N281x, M7 | ||
| 100 | _aमिश्र, वीरेन्द्र | ||
| 245 | 0 | _aपंख और पंाखुरी | |
| 246 | _aPankha aur panākhurī | ||
| 260 |
_aनई दिल्ली _b पराग प्रका0 _c1986 |
||
| 300 |
_a252पृ. _ccm. |
||
| 942 |
_hO152,6N281x, M7 _cTEXL _2CC |
||
| 999 |
_c357618 _d357618 |
||